L'Euro e le politiche per lo sviluppo e l'occupazione /

Zapisane w:
Opis bibliograficzny
Korporacja: Italia. Camera dei deputati. Gruppo parlamentare Democratici di sinistra-L'ulivo
Format: Książka
Język:włoski
Wydane: Roma : T. Ruffa, stampa 1998
Hasła przedmiotowe:
Etykiety: Dodaj etykietę
Nie ma etykietki, Dołącz pierwszą etykiete!

MARC

LEADER 00000nam a22000007ib4500
001 IT\ICCU\BRI\0357228
003 ItRI
005 20260115232439.0
008 070619s1998 it |||||| ||||| |||||c
040 |b ita  |c importazione bologna sebina 
041 7 |a ita  |2 ISO-639-2 
082 |a 332.494  |9 MONETA E POLITICA MONETARIA. EUROPA  |2 19 
130 2 |a L'Euro e le politiche per lo sviluppo e l'occupazione.  |3 IT\ICCU\MSE\0075251 
245 0 2 |a L'Euro e le politiche per lo sviluppo e l'occupazione /  |c [a cura del Gruppo Parlamentare Democratici di Sinistra-l'Ulivo della Camera dei Deputati]. 
260 |a Roma :  |b T. Ruffa,  |c stampa 1998 
300 |a 228 p. ;  |c 24 cm. 
500 |a Num. speciale, A. 4., (nov. 1998)  |9 IT\ICCU\IEI\0094976 
500 |a Num. speciale, A. 4., (nov. 1998)  |9 IT\ICCU\LO1\1190092 
650 7 |a Moneta  |x Unificazione  |x Paesi della Comunità europea  |2 scbi 
650 7 |a Lavoro  |x Domanda e offerta  |x Paesi della Comunita europea  |2 scbi 
710 1 |a Italia.  |b Camera dei deputati.  |b Gruppo parlamentare Democratici di sinistra-L'ulivo  |0 IT\ICCU\RERV\027414 
773 1 |w IT\ICCU\IEI\0094976  |t Info  |g 21 
773 1 |w IT\ICCU\LO1\1190092  |t Info. Quaderni  |g 21 
791 2 |a Camera dei deputati.  |b Gruppo Parlamentare Democratici di sinistra-L'ulivo  |3 IT\ICCU\CFIV\177487  |z Italia : Camera dei deputati : Gruppo parlamentare Democratici di sinistra-L'ulivo 
942 |2 ddc  |c BK  |n 0 
952 |0 0  |1 0  |4 0  |6 DOC_332_494000000000000_EUR  |7 0  |9 25910  |a BO  |b BO  |d 2026-01-15  |i 6130  |l 0  |o DOC 332.494 EUR  |p BO6130  |r 2026-01-15 23:24:39  |w 2026-01-15  |x [Sebina 5] [1 v.]  |y BK  |z 1 v. 
999 |c 21951  |d 21951